| 000 | 00563nam a2200181Ia 4500 | ||
|---|---|---|---|
| 003 | GCL | ||
| 008 | 140319s9999 xx 000 0 ara d | ||
| 040 |
_aGCL / _cGCL |
||
| 082 | 0 | 4 |
_a370.1 _bح ا |
| 100 | 1 | _aحليم جريس | |
| 245 | 1 | 0 |
_aاصلاح التعليم: دعوة الى تحرير التعليم المصرى من عثراته / _cحليم جريس |
| 260 |
_a[S.N] : _bمكتبة الانجلوالمصرية |
||
| 490 | _a | ||
| 650 | 0 | 4 | _aالتعليم |
| 650 | 0 | 4 | _aالتربية |
| 650 | 0 | 4 | _aتطويرالتعليم |
| 942 |
_2ddc _cBK |
||
| 999 |
_c58972 _d58972 |
||